Автопортреты Зинаиды Серебряковой в зеркале эпохи

Elmentve itt :
Bibliográfiai részletek
Szerző: Pleskonics Éva Írisz
További közreműködők: Sarnyai Csaba (Témavezető)
Dokumentumtípus: Szakdolgozat
Megjelent: 2010
Tárgyszavak:
Online Access:http://diploma.bibl.u-szeged.hu/133136
LEADER 00795nta a2200193 i 4500
001 dipl133136
005 20230320111146.0
008 230318s2010 hu om 0|| rus d
040 |a SZTE Diploma Repozitórium  |b hun 
041 |a rus 
100 1 |a Pleskonics Éva Írisz 
245 1 0 |a Автопортреты Зинаиды Серебряковой в зеркале эпохи  |h [elektronikus dokumentum] /  |c Éva Írisz Pleskonics 
246 1 0 |a „Kor-kép” Zinaida Szerebrjakova önarcképei a kor tükrében  |h [elektronikus dokumentum] 
260 |c 2010 
650 4 |a Bölcsészettudományok 
650 4 |a Humanities 
650 4 |a Languages and Literature 
700 1 |a Sarnyai Csaba  |e ths 
856 4 0 |u https://diploma.bibl.u-szeged.hu/id/eprint/133136/1/2010_pleskonics_eva_irisz.pdf  |z Dokumentum-elérés